| 000 | 01189nam a22002537a 4500 | ||
|---|---|---|---|
| 005 | 20170124103217.0 | ||
| 010 | _aA-706693 | ||
| 020 | _c40.00 | ||
| 035 | _aA-706693 | ||
| 037 | _bCen Lib/Ret | ||
| 040 |
_aDPL _bHN |
||
| 082 |
_a000 _bठुकराल |
||
| 100 |
_aठुकराल, के.एल. _9112559 |
||
| 245 |
_aआर. गुप्ता. कृत बैंक रिक्रेटमेंट टेस्ट गाइड / _cके.एल. ठुकराल |
||
| 246 |
_aR.Gupta krit bank riqkrutment test guide _bby K.L.Thukral |
||
| 260 |
_a नई दिल्ली _bरमेश पब्लिशिंग हाउस _c1996 |
||
| 270 |
_a12-H, न्यू दरिया गंज रोड _bनई दिल्ली _e110002 |
||
| 300 |
_a360पृष्ठ _c20सेमी(सजिल्द) |
||
| 650 |
_aसामान्य ज्ञान _9112560 |
||
| 650 |
_aबैंकिंग सेवाएं - प्रतियोगी परीक्षा _999495 |
||
| 650 |
_a general knowledge _9112561 |
||
| 650 |
_aBanking Services - Competitive Exam _999497 |
||
| 942 |
_2ddc _cHN _h000 _mठुकराल |
||
| 999 |
_c121577 _d121577 |
||